000 07316nam a22007095i 4500
001 978-3-319-41459-1
003 DE-He213
005 20210118154711.0
007 cr nn 008mamaa
008 160901s2017 gw | s |||| 0|eng d
020 _a9783319414591
_9978-3-319-41459-1
024 7 _a10.1007/978-3-319-41459-1
_2doi
050 4 _aTA355
050 4 _aTA352-356
072 7 _aTGMD4
_2bicssc
072 7 _aTEC009070
_2bisacsh
072 7 _aTGMD
_2thema
082 0 4 _a620
_223
245 1 0 _aAdvances in Acoustics and Vibration
_h[electronic resource] :
_bProceedings of the International Conference on Acoustics and Vibration (ICAV2016), March 21-23, Hammamet, Tunisia /
_cedited by Tahar Fakhfakh, Fakher Chaari, Lasaad Walha, Moez Abdennadher, Mohamed Slim Abbes, Mohamed Haddar.
250 _a1st ed. 2017.
264 1 _aCham :
_bSpringer International Publishing :
_bImprint: Springer,
_c2017.
300 _aIX, 329 p. 173 illus., 142 illus. in color.
_bonline resource.
336 _atext
_btxt
_2rdacontent
337 _acomputer
_bc
_2rdamedia
338 _aonline resource
_bcr
_2rdacarrier
347 _atext file
_bPDF
_2rda
490 1 _aApplied Condition Monitoring,
_x2363-698X ;
_v5
505 0 _aFault Diagnosis in Gas Turbine Based on Neural Networks: Vibrations Speed Application -- Early Detection of gear Faults in Variable Load and Dimensions Defect Using Ensemble Empirical Mode Decomposition (EEMD) -- Design of Shunted Piezoelectric Patches Using Topology Optimization for Noise and Vibration Attenuation -- Prediction of Sound Radiation from Submerged Cylindrical Shell Structure with an Interpolation Method for the Measured Surface Velocity.-Identification of Small Objects with Near-Field Data in Quasi-Backscattering Configurations -- Characterization of Sandwich Beams with Shear Damage by Linear Vibration Method -- Parameter Identification of a Sandwich Beam Using Numerical-Based Inhomogeneous Wave Correlation Method.-Time Domain Stability Analysis For Machining Processes -- Modeling and Control for Lateral Rail Vehicle Dynamic Vibration with Comfort Evaluation -- Vibration Detection in Gas Turbine Rotor Using Artificial Neural Network Combined with Continues Wavelet -- A Finite Element Model for Elastic-Viscoelastic –Elastic Composite Structures -- Application of the Operational Modal Analysis Using the Independent Component Analysis in the Case of a Quarter Car Vehicle Model -- Feature Extraction Using S-Transform and 2DNMF for Diesel Engine Faults Classification -- Experimental Study of Combined Gear and Bearing Defects by Sound Perception -- Modal Analysis of Spur Gearbox with an Elastic Coupling -- Planet Load Sharing Behavior During Run Up -- Multi-objective Design Optimization of the NBTTL Mechanism -- Appropriation Method Applied to the Estimation of Modal Damping -- Simulation of Resonance Phenomenon in Pipelines Caused by Water Hammer.-Sensitivity of GFRP Composite Integrity to Machining-Induced Heat: A Numerical Approach -- A Comparative Assessment of In-Operation Modal Analysis and Frequency Domain Decomposition Using Simulated Data -- Experimental Investigation for Forced Vibration of Honeycomb Sandwich Beams -- Theoretical and Experimental Analysis of the Vibrational Behavior of a Polyester Composite Material -- Robust Multi-objective Collaborative Optimization of Complex Structures -- Investigations on the Validity of the Poisson Assumption in Reliability Based Optimization of TMD Parameters -- FE Modeling of Wear Mechanisms in UD-GFRP Composites Using Single-Indenter Scratch Test: A Micromechanical Approach -- Dynamic Analysis of the Perforation of Aluminum Alloy at Low Velocity Impact -- Non-linear Dynamics Analysis of Multilayer Composite Shells with Enhanced Solid-shell Elements -- An Effective Method for the Identification of Support Features in Multi-Supported Systems -- Dynamic Analysis of a Wedge Disc Brake According to the Variations of Friction Coefficient.
520 _aThe book provides readers with a snapshot of recent research and industrial trends in field of industrial acoustics and vibration. Each chapter, accepted after a rigorous peer-review process, reports on a selected, original piece of work presented and discussed at International Conference on Acoustics and Vibration (ICAV2016), which was organized by the Tunisian Association of Industrial Acoustics and Vibration (ATAVI) and held March 21-23, in Hammamet, Tunisia. The contributions, mainly written by north African authors, covers advances in both theory and practice in a variety of subfields, such as: smart materials and structures; fluid-structure interaction; structural acoustics as well as computational vibro-acoustics and numerical methods. Further topics include: engines control, noise identification, robust design, flow-induced vibration and many others.This book provides a valuable resource for both academics and professionals dealing with diverse issues in applied mechanics. By combining advanced theories with industrial issues, it is expected to facilitate communication and collaboration between different groups of researchers and technology users.
650 0 _aVibration.
650 0 _aDynamical systems.
650 0 _aDynamics.
650 0 _aAcoustical engineering.
650 0 _aQuality control.
650 0 _aReliability.
650 0 _aIndustrial safety.
650 1 4 _aVibration, Dynamical Systems, Control.
_0http://scigraph.springernature.com/things/product-market-codes/T15036
650 2 4 _aEngineering Acoustics.
_0http://scigraph.springernature.com/things/product-market-codes/T16000
650 2 4 _aQuality Control, Reliability, Safety and Risk.
_0http://scigraph.springernature.com/things/product-market-codes/T22032
700 1 _aFakhfakh, Tahar.
_eeditor.
_4edt
_4http://id.loc.gov/vocabulary/relators/edt
700 1 _aChaari, Fakher.
_eeditor.
_4edt
_4http://id.loc.gov/vocabulary/relators/edt
700 1 _aWalha, Lasaad.
_eeditor.
_4edt
_4http://id.loc.gov/vocabulary/relators/edt
700 1 _aAbdennadher, Moez.
_eeditor.
_4edt
_4http://id.loc.gov/vocabulary/relators/edt
700 1 _aAbbes, Mohamed Slim.
_eeditor.
_4edt
_4http://id.loc.gov/vocabulary/relators/edt
700 1 _aHaddar, Mohamed.
_eeditor.
_4edt
_4http://id.loc.gov/vocabulary/relators/edt
710 2 _aSpringerLink (Online service)
773 0 _tSpringer eBooks
776 0 8 _iPrinted edition:
_z9783319414584
776 0 8 _iPrinted edition:
_z9783319414607
776 0 8 _iPrinted edition:
_z9783319823614
830 0 _aApplied Condition Monitoring,
_x2363-698X ;
_v5
856 4 0 _uhttps://doi.org/10.1007/978-3-319-41459-1
912 _aZDB-2-ENG
999 _c453962
_d453962
942 _cEB
506 _aAvailable to subscribing member institutions only. Доступно лише організаціям членам підписки.
506 _fOnline access from local network of NaUOA.
506 _fOnline access with authorization at https://link.springer.com/
506 _fОнлайн-доступ з локальної мережі НаУОА.
506 _fОнлайн доступ з авторизацією на https://link.springer.com/